| Tag |
First Indicator |
Second Indicator |
Subfields |
| LEADER |
00000cgm a2200000Mi 4500 |
| 001 |
in00005601739 |
| 006 |
m o c |
| 007 |
cr |n||||||||a |
| 007 |
vz |za|z| |
| 008 |
201007s2017 abc012 e o vneng d |
| 005 |
20241201234220.8 |
| 035 |
|
|
|a (OCoLC)on1204119466
|
| 040 |
|
|
|a ALSTP
|b eng
|e rda
|c ALSTP
|d OCLCO
|d OCLCF
|d OCLCO
|d CJT
|d OCLCL
|d OCLCQ
|
| 019 |
|
|
|a 1373437408
|
| 035 |
|
|
|a (OCoLC)1204119466
|z (OCoLC)1373437408
|
| 049 |
|
|
|a TXAM
|
| 245 |
0 |
0 |
|a Dino trails.
|n Season 1 Episode 5,
|p British Columbia's dinosaur frontier /
|c director/producer/writer Brandy Yanchyk.
|
| 246 |
3 |
0 |
|a British Columbia's dinosaur frontier
|
| 264 |
|
1 |
|a Edmonton, AB :
|b Brandy Y Productions,
|c 2017.
|
| 300 |
|
|
|a 1 online resource (12 minutes)
|
| 306 |
|
|
|a 001153
|
| 336 |
|
|
|a two-dimensional moving image
|b tdi
|2 rdacontent
|
| 337 |
|
|
|a computer
|b c
|2 rdamedia
|
| 337 |
|
|
|a video
|b v
|2 rdamedia
|
| 338 |
|
|
|a online resource
|b cr
|2 rdacarrier
|
| 347 |
|
|
|a video file
|2 rda
|
| 490 |
0 |
|
|a Dino Trails
|
| 500 |
|
|
|a Title from resource description page (viewed October 22, 2020).
|
| 520 |
|
|
|a Dino Trails is a documentary series about the communities in Alberta and British Columbia, which have emerging and thriving dinosaur tourism experiences. The series will reveal the latest new discoveries of dinosaurs and fossils that are making headlines in these areas and explain why these locations are world famous. Journey to northern British Columbia to discover dinosaur footprints at the Six Peaks Dinosaur Track Site and see how new fossils are being uncovered in Tumbler Ridge.
|
| 546 |
|
|
|a In English.
|
| 650 |
|
0 |
|a Paleontology
|z British Columbia.
|
| 650 |
|
0 |
|a Dinosaurs
|z British Columbia.
|
| 650 |
|
0 |
|a Fossils
|x Collection and preservation.
|
| 651 |
|
0 |
|a Tumbler Ridge (B.C.)
|
| 650 |
|
6 |
|a Paléontologie
|z Colombie-Britannique.
|
| 650 |
|
6 |
|a Dinosaures
|z Colombie-Britannique.
|
| 650 |
|
7 |
|a Dinosaurs.
|2 fast
|0 (OCoLC)fst00893996
|
| 650 |
|
7 |
|a Fossils
|x Collection and preservation.
|2 fast
|0 (OCoLC)fst00933168
|
| 650 |
|
7 |
|a Paleontology.
|2 fast
|0 (OCoLC)fst01051513
|
| 651 |
|
7 |
|a British Columbia.
|2 fast
|0 (OCoLC)fst01205265
|1 https://id.oclc.org/worldcat/entity/E39QbtfRDxqwPWxct46dwcdJ9c
|
| 651 |
|
7 |
|a British Columbia
|z Tumbler Ridge.
|2 fast
|0 (OCoLC)fst01207414
|1 https://id.oclc.org/worldcat/entity/E39PBJmdw4QGqFBQ4KYmjvmTpP
|
| 655 |
|
7 |
|a Documentary films.
|2 fast
|0 (OCoLC)fst01710390
|
| 655 |
|
7 |
|a Documentary films.
|2 lcgft
|
| 655 |
|
7 |
|a Documentaires.
|2 rvmgf
|
| 700 |
1 |
|
|a Yanchyk, Brandy,
|e director,
|e producer.
|
| 710 |
2 |
|
|a Brandy Y Productions,
|e production company.
|
| 856 |
4 |
0 |
|u http://proxy.library.tamu.edu/login?url=https://www.aspresolver.com/aspresolver.asp?MARC;5075473
|z Connect to this streaming video (Alexander Street Press)
|t 0
|
| 955 |
|
|
|a Alexander Street Press subscription streaming video
|
| 994 |
|
|
|a 92
|b TXA
|
| 999 |
f |
f |
|s eb1ee0ab-26f9-4f1c-9a5f-e0d17b9a8633
|i eda0f23a-f8a6-499d-9609-ce5bf8971151
|t 0
|
| 952 |
f |
f |
|a Texas A&M University
|b College Station
|c Electronic Resources
|d Available Online
|t 0
|h Library of Congress classification
|
| 998 |
f |
f |
|t 0
|l Available Online
|